Statistics for HTML Color Nerd

Click here to take the quiz!

General Stats

  • This quiz has been taken 189 times
  • The average score is 7 of 16

Answer Stats

HintEAnswer% Correct
WhiteFFFFFF
99%
Black000000
96%
RedFF0000
67%
Blue0000FF
57%
Lime00FF00
56%
YellowFFFF00
55%
MagentaFF00FF
54%
Cyan00FFFF
41%
Gray777777
39%
SilverBBBBBB
38%
OrangeFF7700
24%
Green009900
16%
PinkFF7777
10%
GoldFFBB00
8%
Purple9900BB
4%
BrownBB7700
3%

Score Distribution

Percentile by Number Answered

Percent of People with Each Score

Your Score History

You have not taken this quiz